Psychoses et névroses ... (Record no. 38467)

MARC details
000 -LEADER
fixed length control field 00690cam a22002411 4500
001 - CONTROL NUMBER
control field med47001937
003 - CONTROL NUMBER IDENTIFIER
control field DLC
005 - DATE AND TIME OF LATEST TRANSACTION
control field 20260227111604.0
008 - FIXED-LENGTH DATA ELEMENTS--GENERAL INFORMATION
fixed length control field 810920s1946 xx 000 0 fre
010 ## - LIBRARY OF CONGRESS CONTROL NUMBER
LC control number med47001937
035 ## - SYSTEM CONTROL NUMBER
System control number (OCoLC)14742879
040 ## - CATALOGING SOURCE
Original cataloging agency DLC
Transcribing agency DNLM
Modifying agency DLC
042 ## - AUTHENTICATION CODE
Authentication code premarc
050 00 - LIBRARY OF CONGRESS CALL NUMBER
Classification number RC601
Item number .B343
060 00 - NATIONAL LIBRARY OF MEDICINE CALL NUMBER
Classification number WM 100
Item number B295py 1946
060 00 - NATIONAL LIBRARY OF MEDICINE CALL NUMBER
Classification number Film 3832 no. 1
100 1# - MAIN ENTRY--PERSONAL NAME
Personal name Baruk, Henri,
Dates associated with a name 1897-
245 10 - TITLE STATEMENT
Title Psychoses et névroses ...
260 ## - PUBLICATION, DISTRIBUTION, ETC.
Place of publication, distribution, etc. Paris,
Name of publisher, distributor, etc. Presses universitaires de France,
Date of publication, distribution, etc. 1946.
300 ## - PHYSICAL DESCRIPTION
Extent 135, [1] p.
490 0# - SERIES STATEMENT
Series statement "Que sais-je?" Le point des connaissances
Volume/sequential designation actuelles. 221
500 ## - GENERAL NOTE
General note Microfilmed for preservation
Institution to which field applies DNLM

No items available.

Powered by Koha